000 00595nam a2200193Ia 4500
003 GCL
008 140319s9999 xx 000 0 ara d
040 _aGCL /
_cGCL
082 0 4 _a370.1
_bم ف
100 1 _aمحمد الهادى عفيفى
245 1 0 _aفى اصول التربية الاصول الفلسفية للتربية /
_cمحمد الهادى عفيفى
260 _a[S.N] :
_bمكتبة الانجلوالمصرية
300 _a440 ص
490 _a
650 0 4 _aالفلسفة
650 0 4 _aالتربية
650 0 4 _aالتخطيط التربوى
942 _2ddc
_cBK
999 _c46562
_d46562